[Event "4NCL Online Division 4"]
[Site "online"]
[Date "2020.04.21"]
[Round "3.124"]
[White "McLeod, Alisdair"]
[Black "Sharan, Kartike"]
[Result "1-0"]
[WhiteElo "1421"]
[BlackElo "1140"]
[PlyCount "109"]
[EventDate "2020.04.21"]
[WhiteTeam "Bon Accord B"]
[BlackTeam "Phones Pals"]

1. e4 e5 2. Bc4 Nf6 3. Nf3 Bc5 4. d3 Nc6 5. a3 a5 6. Nc3 d6 7. Bg5 Be6 8. Nd5
Bxd5 9. Bxd5 h6 10. Bxf6 Qxf6 11. O-O O-O 12. c3 Rab8 13. b4 Bb6 14. Bxc6 bxc6
15. Qa4 axb4 16. cxb4 d5 17. Rfc1 dxe4 18. dxe4 Bd4 19. Nxd4 exd4 20. Qxc6 Qe5
21. Qd5 Qxd5 22. exd5 Rb5 23. Rxc7 Rxd5 24. Rc2 Re8 25. f3 d3 26. Rd2 Re2 27.
Rxe2 dxe2 28. Re1 Rd3 29. Rxe2 Rxa3 30. Rb2 Ra8 31. b5 Kf8 32. Kf2 Ke7 33. Ke3
Rb8 34. Kd4 Kd6 35. b6 Kc6 36. Ke5 Rb7 37. Rc2+ Kd7 38. Rb2 Kc6 39. Kf5 Rxb6
40. Rxb6+ Kxb6 41. g4 Kc6 42. g5 hxg5 43. Kxg5 Kd6 44. f4 Ke7 45. f5 f6+ 46.
Kg6 Kf8 47. h4 Kg8 48. h5 Kf8 49. h6 gxh6 50. Kxh6 Kf7 51. Kh7 Kf8 52. Kg6 Ke8
53. Kxf6 Kf8 54. Ke6 Kg7 55. Ke7 1-0

[Event "4NCL Online Division 4"]
[Site "online"]
[Date "2020.04.21"]
[Round "3.131"]
[White "Smith, Mark"]
[Black "Bromilow, Edward T"]
[Result "0-1"]
[WhiteElo "1832"]
[BlackElo "1862"]
[PlyCount "70"]
[EventDate "2020.04.21"]
[WhiteTeam "Shropshire 3"]
[BlackTeam "Ashfield Anonymous B"]

1. e4 c6 2. d4 d5 3. exd5 cxd5 4. Bd3 Qc7 5. c3 g6 6. Ne2 Bf5 7. Bxf5 gxf5 8.
Bf4 Qd7 9. Nd2 Nc6 10. Nf3 f6 11. Ng3 Bh6 12. Bxh6 Nxh6 13. Qd2 Nf7 14. O-O-O
O-O-O 15. Rde1 e5 16. dxe5 fxe5 17. Qc2 e4 18. Nd4 Nd6 19. Nge2 Ne5 20. Nf4
Rhe8 21. Nxd5 Nd3+ 22. Kb1 Nxe1 23. Rxe1 Qf7 24. c4 Kb8 25. Qb3 Rc8 26. Rc1 Rc5
27. Qb4 Rec8 28. Nb3 R5c6 29. Na5 Qxd5 30. Nxc6+ Qxc6 31. c5 Nf7 32. Qc4 Ne5
33. Qd4 Nd3 34. Rc2 a5 35. Qg7 Qg6 0-1

[Event "4NCL Online Division 4"]
[Site "online"]
[Date "2020.04.21"]
[Round "3.132"]
[White "Taylor, Robert P"]
[Black "Maydew, Simon"]
[Result "1/2-1/2"]
[WhiteElo "1780"]
[BlackElo "1742"]
[PlyCount "131"]
[EventDate "2020.04.21"]
[WhiteTeam "Ashfield Anonymous B"]
[BlackTeam "Shropshire 3"]

1. d4 Nf6 2. Bg5 Ne4 3. Bf4 c5 4. f3 Qa5+ 5. c3 Nf6 6. d5 Qb6 7. Bc1 e6 8. dxe6
dxe6 9. e4 Nc6 10. Nd2 Be7 11. Nc4 Qc7 12. Ne3 O-O 13. Qc2 a6 14. Nh3 b5 15.
Nf2 Bb7 16. Be2 Rfd8 17. O-O c4 18. Kh1 Bc5 19. Neg4 Nxg4 20. Nxg4 h5 21. Nf2
Qb6 22. Nh3 e5 23. Bd2 Ne7 24. Be1 Ng6 25. f4 Nxf4 26. Nxf4 exf4 27. Rxf4 Be3
28. Rf1 g6 29. Rd1 Rxd1 30. Bxd1 Re8 31. Bf3 Qe6 32. Qe2 Bb6 33. Bd2 Bc7 34.
Qf2 Rd8 35. Be3 Rd7 36. Qh4 Bd8 37. Qg3 Bxe4 38. Bd4 Bc7 39. Qg5 Bxf3 40. gxf3
Qh3 41. Qg2 Qxg2+ 42. Kxg2 Bf4 43. Rf2 Re7 44. b3 cxb3 45. axb3 Re6 46. b4 Kf8
47. h3 Be3 48. Bxe3 Rxe3 49. Rc2 Ke7 50. Kf2 Re6 51. c4 bxc4 52. Rxc4 Rb6 53.
Ke3 Rd6 54. Rc7+ Kf6 55. Rc5 Ke6 56. Rc7 Rb6 57. Rc4 Rd6 58. Ke4 f6 59. Rc5 Kd7
60. f4 Rb6 61. Rc4 Re6+ 62. Kf3 Kd6 63. Rc5 Kd7 64. Rc4 Kd6 65. Rc5 Kd7 66. Rc4
1/2-1/2

[Event "4NCL Online Division 4"]
[Site "online"]
[Date "2020.04.21"]
[Round "3.133"]
[White "Walker, Kate"]
[Black "Robins, Andrew"]
[Result "1-0"]
[WhiteElo "1705"]
[BlackElo "1757"]
[PlyCount "73"]
[EventDate "2020.04.21"]
[WhiteTeam "Shropshire 3"]
[BlackTeam "Ashfield Anonymous B"]

1. d4 Nf6 2. c4 g6 3. Nc3 Bg7 4. e4 d6 5. Nf3 O-O 6. Be2 e5 7. d5 a5 8. Bd2 Na6
9. O-O Nc5 10. Qc2 Bd7 11. a3 Qe8 12. Rab1 c6 13. Be3 cxd5 14. Bxc5 dxc5 15.
cxd5 b5 16. b3 Qb8 17. Na2 Nxe4 18. Qxe4 Bf5 19. Qh4 Bxb1 20. Rxb1 Qb6 21. Nc3
b4 22. axb4 cxb4 23. Na4 Qd6 24. Bc4 h6 25. Re1 Rae8 26. Nd2 f5 27. Qg3 Kh8 28.
Nf3 f4 29. Qh3 e4 30. Ng5 Qe5 31. Nxe4 Qd4 32. Qf3 g5 33. Nac5 Rf5 34. Ne6 Qe5
35. Rd1 g4 36. Qxg4 Rg5 37. N4xg5 1-0

[Event "4NCL Online Division 4"]
[Site "online"]
[Date "2020.04.21"]
[Round "3.134"]
[White "Pettinger, Martin"]
[Black "Podlesak, Mark"]
[Result "1-0"]
[WhiteElo "1645"]
[BlackElo "1675"]
[PlyCount "29"]
[EventDate "2020.04.21"]
[WhiteTeam "Ashfield Anonymous B"]
[BlackTeam "Shropshire 3"]

1. Nf3 b6 2. e4 Bb7 3. Nc3 e6 4. d4 d6 5. Bd3 g6 6. Bg5 Be7 7. Bxe7 Nxe7 8. h4
h6 9. Qd2 Nd7 10. O-O-O a6 11. d5 Nc5 12. dxe6 fxe6 13. Be2 Nxe4 14. Nxe4 Bxe4
15. Qd4 1-0

[Event "4NCL Online Division 4"]
[Site "online"]
[Date "2020.04.21"]
[Round "3.141"]
[White "Janota, Paul S"]
[Black "McCarthy, Maurice"]
[Result "1/2-1/2"]
[WhiteElo "1844"]
[BlackElo "1978"]
[PlyCount "105"]
[EventDate "2020.04.21"]
[WhiteTeam "Surbiton 3"]
[BlackTeam "Morriston Alekhine"]

1. e4 c5 2. Nf3 d6 3. Be2 Nf6 4. c3 Bg4 5. O-O Nbd7 6. d3 e5 7. Be3 Be7 8. Nbd2
O-O 9. d4 cxd4 10. cxd4 d5 11. dxe5 Nxe4 12. h3 Be6 13. Nxe4 dxe4 14. Nd4 Nxe5
15. Nxe6 fxe6 16. Qb3 Qd5 17. Rfd1 Qxb3 18. axb3 Nd3 19. Bxd3 exd3 20. Rxd3 a5
21. Rd7 Bf6 22. Rxb7 Bxb2 23. Ra2 Bc3 24. Rc7 Bb4 25. Bd4 Rf7 26. Rac2 Rd8 27.
Rxf7 Kxf7 28. Rc7+ Ke8 29. Be5 Rd5 30. f4 Bc5+ 31. Kh2 g5 32. Rxh7 gxf4 33.
Bxf4 Rd3 34. Rb7 Bb4 35. Rb8+ Kf7 36. g4 Rxb3 37. Rb7+ Kg6 38. Rb8 a4 39. Be5
a3 40. Ra8 Re3 41. Bd4 Bd6+ 42. Kg2 Rg3+ 43. Kf2 Rxh3 44. Ra6 a2 45. Rxd6 Rd3
46. Rxe6+ Kf7 47. Rf6+ Ke7 48. Ra6 Rxd4 49. Rxa2 Rxg4 50. Kf3 Rb4 51. Ra6 Kd7
52. Ke3 Kc7 53. Rh6 1/2-1/2

[Event "4NCL Online Division 4"]
[Site "online"]
[Date "2020.04.21"]
[Round "3.142"]
[White "Howells, Chris"]
[Black "Sheard, Jack"]
[Result "0-1"]
[WhiteElo "1767"]
[BlackElo "1870"]
[PlyCount "118"]
[EventDate "2020.04.21"]
[WhiteTeam "Morriston Alekhine"]
[BlackTeam "Surbiton 3"]

1. d4 Nf6 2. c4 e6 3. Nf3 b6 4. Nc3 Bb7 5. a3 d5 6. e3 Be7 7. b3 O-O 8. Bd3
Nbd7 9. O-O dxc4 10. bxc4 c5 11. Bb2 cxd4 12. exd4 Re8 13. Ne5 Rc8 14. Qe2 Qc7
15. Rac1 a6 16. Rfd1 Bd6 17. f4 Nf8 18. Ne4 Nxe4 19. Bxe4 f6 20. Bxb7 Qxb7 21.
Nd3 Ng6 22. g3 e5 23. dxe5 fxe5 24. f5 e4 25. fxg6 exd3 26. gxh7+ Kh8 27. Bxg7+
Qxg7 28. Qxd3 Bc5+ 29. Kg2 Rcd8 30. Qxd8 Rxd8 31. Rxd8+ Kxh7 32. Rcd1 Qb2+ 33.
Kh3 Kh6 34. Re1 Qf6 35. Ree8 Qf5+ 36. Kg2 Qf2+ 37. Kh3 Qf1+ 38. Kg4 Qxc4+ 39.
Kh3 Qf1+ 40. Kg4 Qf7 41. Rc8 Qh5+ 42. Kf4 Qg5+ 43. Ke4 Qe3+ 44. Kf5 Qf3+ 45.
Ke5 Qc3+ 46. Kf5 Qd3+ 47. Kg4 Qd7+ 48. Kf3 Qd1+ 49. Ke4 Qb1+ 50. Kf3 Qh1+ 51.
Kg4 Qd1+ 52. Kf5 Qf3+ 53. Ke6 Qe4+ 54. Kd7 Qd5+ 55. Kc7 Bd6+ 56. Kxb6 Qb5+ 57.
Ka7 Bc5+ 58. Ka8 Qb6 59. Red8 Qa7# 0-1

[Event "4NCL Online Division 4"]
[Site "online"]
[Date "2020.04.21"]
[Round "3.143"]
[White "Ratnesan, Radha"]
[Black "Williams, Duncan"]
[Result "0-1"]
[WhiteElo "1682"]
[BlackElo "1847"]
[PlyCount "50"]
[EventDate "2020.04.21"]
[WhiteTeam "Surbiton 3"]
[BlackTeam "Morriston Alekhine"]

1. d4 d5 2. c4 e6 3. Nf3 c6 4. e3 f5 5. Nc3 Nf6 6. Be2 Bd6 7. Bd2 O-O 8. O-O
Bd7 9. cxd5 exd5 10. Qc2 Ne4 11. Rac1 Be8 12. Nxe4 fxe4 13. Ne5 Nd7 14. f4 exf3
15. Nxf3 Bh5 16. Rf2 Nf6 17. Bd3 Qe7 18. Re1 Ne4 19. Rff1 Bxf3 20. gxf3 Bxh2+
21. Kxh2 Qh4+ 22. Kg2 Qg3+ 23. Kh1 Rf6 24. Re2 Rh6+ 25. Rh2 Rxh2# 0-1

[Event "4NCL Online Division 4"]
[Site "online"]
[Date "2020.04.21"]
[Round "3.144"]
[White "Smith, Andrew R"]
[Black "Subin, Samvrit"]
[Result "0-1"]
[WhiteElo "1659"]
[BlackElo "1652"]
[PlyCount "48"]
[EventDate "2020.04.21"]
[WhiteTeam "Morriston Alekhine"]
[BlackTeam "Surbiton 3"]

1. e4 c5 2. Nf3 d6 3. d4 cxd4 4. Nxd4 Nf6 5. Nc3 g6 6. Be3 Bg7 7. f3 O-O 8. Qd2
Nc6 9. O-O-O d5 10. exd5 Nxd5 11. Nxc6 bxc6 12. Bd4 Nxc3 13. Qxc3 Bxd4 14. Rxd4
Qc7 15. Bc4 c5 16. Rdd1 Rb8 17. h4 Rb4 18. h5 Qf4+ 19. Kb1 Qxc4 20. Qe5 Bf5 21.
Rc1 Rfb8 22. b3 Rxb3+ 23. axb3 Qxb3+ 24. Ka1 Qa3# 0-1

[Event "4NCL Online Division 4"]
[Site "online"]
[Date "2020.04.21"]
[Round "3.151"]
[White "Chwieseni, Edward I"]
[Black "Putar, Leon"]
[Result "0-1"]
[WhiteElo "1696"]
[BlackElo "1868"]
[PlyCount "58"]
[EventDate "2020.04.21"]
[WhiteTeam "War & Piece"]
[BlackTeam "St Benildus B"]

1. e4 e6 2. d4 d5 3. Nd2 Nf6 4. Bd3 c5 5. c3 Nc6 6. Ngf3 cxd4 7. cxd4 Qb6 8.
Qa4 Bd7 9. O-O Ne5 10. Qc2 Nxd3 11. Qxd3 Bb5 12. Qe3 Bxf1 13. Kxf1 dxe4 14.
Nxe4 Qb5+ 15. Kg1 Nd5 16. Qg5 Qe2 17. Bd2 Qxe4 18. Re1 h6 19. Qg3 Qg6 20. Qe5
Be7 21. g3 O-O 22. a3 Bf6 23. Qe2 Rac8 24. Rc1 Rxc1+ 25. Bxc1 Qb1 26. Qc4 Nb6
27. Nd2 Qa1 28. Nb3 Nxc4 29. Nxa1 Bxd4 0-1

[Event "4NCL Online Division 4"]
[Site "online"]
[Date "2020.04.21"]
[Round "3.152"]
[White "Burke, Kevin A"]
[Black "Thomas, Jacob"]
[Result "1-0"]
[WhiteElo "1878"]
[BlackElo "1457"]
[PlyCount "63"]
[EventDate "2020.04.21"]
[WhiteTeam "St Benildus B"]
[BlackTeam "War & Piece"]

1. e4 c5 2. c3 g6 3. d4 cxd4 4. cxd4 d5 5. exd5 Nf6 6. Nc3 Bg7 7. Nf3 O-O 8.
Bc4 Nbd7 9. a3 Nb6 10. Ba2 Nbxd5 11. O-O Bg4 12. h3 Nxc3 13. bxc3 Bd7 14. Ne5
Bb5 15. Re1 Nd7 16. Nxf7 Rxf7 17. Bxf7+ Kxf7 18. Qb3+ Kf8 19. Qxb5 Nb6 20. Bg5
Bf6 21. Bxf6 exf6 22. Rad1 Qd5 23. Qxd5 Nxd5 24. c4 Nb6 25. c5 Nd5 26. Rb1 b6
27. Re6 bxc5 28. dxc5 Rd8 29. Rd1 Kf7 30. Rd6 Rxd6 31. cxd6 Nc3 32. d7 1-0

[Event "4NCL Online Division 4"]
[Site "online"]
[Date "2020.04.21"]
[Round "3.153"]
[White "O'Neill, Stephen G"]
[Black "Putar, Lara"]
[Result "0-1"]
[WhiteElo "1457"]
[BlackElo "1821"]
[PlyCount "40"]
[EventDate "2020.04.21"]
[WhiteTeam "War & Piece"]
[BlackTeam "St Benildus B"]

1. d4 Nf6 2. Nf3 g6 3. Bf4 Bg7 4. e3 d5 5. c4 O-O 6. Bd3 c5 7. dxc5 Na6 8. Nc3
Nxc5 9. Be2 Nfe4 10. Be5 Nxc3 11. Bxc3 Bxc3+ 12. bxc3 Qa5 13. Qc1 Ne4 14. O-O
Nxc3 15. Bd3 dxc4 16. Bxc4 Be6 17. Bd3 Bf5 18. Qc2 Bg4 19. Nd4 Rac8 20. Qd2
Ne2+ 0-1

[Event "4NCL Online Division 4"]
[Site "online"]
[Date "2020.04.21"]
[Round "3.154"]
[White "Murray, Benjamin"]
[Black "Blair, Jimmy"]
[Result "1-0"]
[WhiteElo "1746"]
[BlackElo "1375"]
[PlyCount "41"]
[EventDate "2020.04.21"]
[WhiteTeam "St Benildus B"]
[BlackTeam "War & Piece"]

1. e4 c5 2. Nf3 d6 3. d4 cxd4 4. Nxd4 Nf6 5. Nc3 g6 6. Be3 Bg7 7. f3 a6 8. Qd2
O-O 9. Bc4 b5 10. Bb3 Bd7 11. g4 Nc6 12. h4 Ne5 13. h5 b4 14. Nd5 Nxd5 15. Bxd5
Rb8 16. hxg6 Nxg6 17. Qh2 Re8 18. Qxh7+ Kf8 19. Bh6 e6 20. Qxg7+ Ke7 21. Bg5#
1-0

[Event "4NCL Online Division 4"]
[Site "online"]
[Date "2020.04.21"]
[Round "3.161"]
[White "Chaplin, Peter E"]
[Black "Jenkins, John"]
[Result "0-1"]
[WhiteElo "2046"]
[BlackElo "2065"]
[PlyCount "68"]
[EventDate "2020.04.21"]
[WhiteTeam "Weston Super Mare"]
[BlackTeam "Stroud The Old"]

1. b3 d5 2. Nf3 Nc6 3. Bb2 f6 4. c4 d4 5. d3 e5 6. Nbd2 Bg4 7. g3 Qd7 8. Bg2 h5
9. h3 Be6 10. h4 Nh6 11. a3 Ng4 12. Ne4 Bf5 13. Nfd2 Be7 14. b4 g5 15. Nc5 Bxc5
16. bxc5 Nd8 17. a4 gxh4 18. Rxh4 c6 19. a5 Ne6 20. a6 Nxc5 21. axb7 Qxb7 22.
Ba3 Ne6 23. Qa4 Nd8 24. Rb1 Qc8 25. Qb4 Qe6 26. Ne4 Bxe4 27. Bxe4 Kf7 28. Bf3
f5 29. Qc5 Kg6 30. Bc1 Re8 31. Bxg4 fxg4 32. Kf1 Qf5 33. Kg2 Rf8 34. Rb2 Qxf2+
0-1

[Event "4NCL Online Division 4"]
[Site "online"]
[Date "2020.04.21"]
[Round "3.162"]
[White "Brown, Graham K"]
[Black "Szarka, Szilard"]
[Result "1-0"]
[WhiteElo "1757"]
[BlackElo "1895"]
[PlyCount "45"]
[EventDate "2020.04.21"]
[WhiteTeam "Stroud The Old"]
[BlackTeam "Weston Super Mare"]

1. h3 e5 2. d4 exd4 3. Nf3 c5 4. e3 dxe3 5. Bxe3 Nf6 6. Nc3 d5 7. Bb5+ Bd7 8.
Qe2 Qe7 9. Bxd7+ Nbxd7 10. Nb5 Kd8 11. O-O-O d4 12. Nfxd4 cxd4 13. Rxd4 a6 14.
Nd6 Rb8 15. Rhd1 g6 16. Qf3 Bg7 17. Nxb7+ Ke8 18. Bd2 Ne5 19. Nd6+ Kf8 20. Qa3
h5 21. Re1 Nfd7 22. f4 Qh4 23. Nf5+ 1-0

[Event "4NCL Online Division 4"]
[Site "online"]
[Date "2020.04.21"]
[Round "3.163"]
[White "Sookphanich, Golf"]
[Black "Walker, Adrian"]
[Result "0-1"]
[WhiteElo "1757"]
[BlackElo "1750"]
[PlyCount "142"]
[EventDate "2020.04.21"]
[WhiteTeam "Weston Super Mare"]
[BlackTeam "Stroud The Old"]

1. d4 d5 2. c4 e5 3. dxe5 d4 4. Nf3 Nc6 5. g3 Be6 6. Qa4 Qd7 7. Bg2 Be7 8. O-O
Bh3 9. Bxh3 Qxh3 10. Nxd4 Qd7 11. Nxc6 bxc6 12. Nc3 h5 13. Rd1 Qe6 14. Nd5 Rc8
15. Nxe7 Nxe7 16. Bg5 O-O 17. Bxe7 Qxe7 18. Qxc6 Qxe5 19. Rd2 h4 20. Rad1 hxg3
21. hxg3 Rfe8 22. Qf3 Qe6 23. Rd7 Qg6 24. R1d4 Re5 25. Rg4 Qe6 26. Rgd4 Re8 27.
Rxc7 Rxe2 28. Rdd7 Re1+ 29. Kg2 Rf8 30. Re7 Qxe7 31. Rxe7 Rxe7 32. b4 Rfe8 33.
c5 Re2 34. c6 Rxa2 35. c7 Rc2 36. Qb7 a6 37. Qb8 Kf8 38. Qd8 g6 39. g4 Rc4 40.
f3 Rc2+ 41. Kg3 Rc4 42. Kh4 Rc3 43. Kg5 Rc6 44. Qd7 Rc3 45. Kh6 Rc2 46. Qd6+
Kg8 47. Qd8 Kf8 48. Qd6+ Kg8 49. Qxa6 Rxc7 50. Qf6 Kf8 51. Qd6+ Rce7 52. b5 g5
53. Kxg5 Kg8 54. b6 Rb7 55. Qc6 Reb8 56. f4 Rxb6 57. Qd7 Rb4 58. f5 R4b7 59.
Qd1 Rb5 60. Qh1 R8b6 61. Qh5 Rb2 62. Qh3 f6+ 63. Kg6 Rb7 64. Qe3 Rg7+ 65. Kxf6
Rf7+ 66. Kg5 Rg7+ 67. Kf6 Rf7+ 68. Ke6 Rbb7 69. f6 Kf8 70. g5 Rfe7+ 71. fxe7+
Rxe7+ 0-1

[Event "4NCL Online Division 4"]
[Site "online"]
[Date "2020.04.21"]
[Round "3.164"]
[White "Reekie-Black, Matthew"]
[Black "Isaac, Oliver T"]
[Result "1-0"]
[WhiteElo "1615"]
[BlackElo "1682"]
[PlyCount "51"]
[EventDate "2020.04.21"]
[WhiteTeam "Stroud The Old"]
[BlackTeam "Weston Super Mare"]

1. e4 d5 2. d4 dxe4 3. Nc3 f5 4. f3 e5 5. d5 Nf6 6. Bg5 Bb4 7. Bc4 O-O 8. Nge2
Kh8 9. O-O exf3 10. Rxf3 c6 11. a3 Bxc3 12. Nxc3 Qb6+ 13. Kh1 Qxb2 14. Bb3 Nxd5
15. Bd2 Rd8 16. Nxd5 Rxd5 17. Bxd5 cxd5 18. Bc3 Qb5 19. Bxe5 Nc6 20. Rb1 Qc5
21. Qe1 Qxc2 22. Rc1 Qe4 23. Re3 Qa4 24. Rg3 Nxe5 25. Qxe5 Qd7 26. Rc7 1-0

[Event "4NCL Online Division 4"]
[Site "online"]
[Date "2020.04.28"]
[Round "4.11"]
[White "Morgan, Philip D"]
[Black "Tomlinson, Zak"]
[Result "1-0"]
[WhiteElo "1802"]
[BlackElo "1802"]
[PlyCount "109"]
[EventDate "2020.04.28"]
[WhiteTeam "Ashfield Anonymous B"]
[BlackTeam "Chessmates"]

1. e4 e5 2. Bc4 Nf6 3. d3 Nc6 4. Nf3 Bc5 5. O-O d6 6. c3 Bg4 7. a4 a6 8. Re1
O-O 9. Nbd2 Ba7 10. Nf1 h6 11. Ng3 Qd7 12. h3 Bxf3 13. Qxf3 Nh7 14. Nf5 Ne7 15.
Nxh6+ gxh6 16. Bxh6 Ng6 17. Bxf8 Rxf8 18. b4 Kg7 19. b5 f5 20. Ra2 axb5 21.
axb5 Bb6 22. exf5 Ng5 23. Qg4 Qxf5 24. Qxf5 Rxf5 25. Bd5 Nf4 26. Bxb7 Nxd3 27.
Rf1 Ne6 28. Be4 Rxf2 29. Raxf2 Nxf2 30. Rxf2 Ng5 31. Bd5 Kh6 32. Kf1 Bxf2 33.
Kxf2 Nh7 34. Kf3 Kg5 35. c4 Nf6 36. Bb7 Kh4 37. Bc6 Kg5 38. g3 Kf5 39. Ke3 Kg5
40. Bb7 Nh5 41. Kf3 Nf6 42. h4+ Kf5 43. g4+ Kg6 44. Be4+ Kg7 45. g5 Nh5 46. Kg4
Nf4 47. h5 Kf7 48. h6 Kg8 49. g6 Kh8 50. Kg5 Kg8 51. Kf6 Nh5+ 52. Ke7 Ng3 53.
Bd5+ Kh8 54. g7+ Kh7 55. g8=Q+ 1-0

[Event "4NCL Online Division 4"]
[Site "online"]
[Date "2020.04.28"]
[Round "4.12"]
[White "Fisher, Neal"]
[Black "Taylor, Robert P"]
[Result "1-0"]
[WhiteElo "1720"]
[BlackElo "1780"]
[PlyCount "49"]
[EventDate "2020.04.28"]
[WhiteTeam "Chessmates"]
[BlackTeam "Ashfield Anonymous B"]

1. d4 d5 2. Bf4 c6 3. e3 Nf6 4. c3 e6 5. Bd3 Bd6 6. Bg3 Bxg3 7. hxg3 Nbd7 8.
Nf3 Qb6 9. Qc2 g6 10. Nbd2 c5 11. c4 cxd4 12. exd4 Qc7 13. a4 b6 14. O-O Bb7
15. Rfc1 Rc8 16. Qd1 Qd6 17. cxd5 Rxc1 18. Rxc1 exd5 19. Qe2+ Kf8 20. Ba6 Bc6
21. Ne5 Bxa4 22. Rc8+ Ne8 23. Nxg6+ hxg6 24. Qxe8+ Kg7 25. Qxh8# 1-0

[Event "4NCL Online Division 4"]
[Site "online"]
[Date "2020.04.28"]
[Round "4.13"]
[White "Pettinger, Martin"]
[Black "Webster, Vivien"]
[Result "1-0"]
[WhiteElo "1645"]
[BlackElo "1720"]
[PlyCount "79"]
[EventDate "2020.04.28"]
[WhiteTeam "Ashfield Anonymous B"]
[BlackTeam "Chessmates"]

1. Nf3 e6 2. g3 Nf6 3. Bg2 d5 4. O-O Be7 5. b3 O-O 6. Bb2 Nc6 7. d3 h6 8. Nbd2
Ng4 9. e4 Bf6 10. d4 dxe4 11. Nxe4 Be7 12. Qe2 f5 13. Nc5 Bxc5 14. dxc5 Qe7 15.
Qc4 Kh8 16. b4 a6 17. a4 Bd7 18. Rad1 Rad8 19. h3 Nf6 20. Rfe1 Bc8 21. b5 axb5
22. axb5 Na5 23. Qc3 Rxd1 24. Rxd1 b6 25. Ne5 Kh7 26. c6 Rd8 27. Re1 Nd5 28.
Bxd5 Rxd5 29. Ba3 Qf6 30. Qb2 Rxe5 31. Qxe5 Qxe5 32. Rxe5 Nc4 33. Re3 Nxe3 34.
fxe3 Kg6 35. Bb2 Kf7 36. Be5 Ke8 37. Bxc7 g6 38. Bxb6 h5 39. Ba5 Ke7 40. b6 1-0

[Event "4NCL Online Division 4"]
[Site "online"]
[Date "2020.04.28"]
[Round "4.14"]
[White "Harris, John"]
[Black "Fraser, Chris"]
[Result "1-0"]
[WhiteElo "1712"]
[BlackElo "1622"]
[PlyCount "91"]
[EventDate "2020.04.28"]
[WhiteTeam "Chessmates"]
[BlackTeam "Ashfield Anonymous B"]

1. e4 c5 2. Nf3 g6 3. g3 Bg7 4. Bg2 e5 5. O-O d6 6. d3 Nc6 7. c3 Nge7 8. a3 O-O
9. Re1 a5 10. a4 Rb8 11. Na3 Bg4 12. h3 Bxf3 13. Bxf3 Qd7 14. Bg2 Na7 15. Nc4
Nac6 16. h4 b5 17. axb5 Rxb5 18. h5 h6 19. hxg6 fxg6 20. Na3 Rbb8 21. Qc2 Kh7
22. Be3 Rb7 23. Nc4 Rfb8 24. Kh2 g5 25. Rh1 Rb3 26. Kg1 Kg8 27. Qe2 Nc8 28. Qh5
Qf7 29. Qg4 Bf8 30. Bh3 R3b7 31. Bxg5 hxg5 32. Qxg5+ Qg7 33. Be6+ Rf7 34. Qh5
Rbb7 35. Ne3 Qh6 36. Qg4+ Qg7 37. Bxf7+ Rxf7 38. Qxc8 Ne7 39. Qe6 Qf6 40. Qxf6
Rxf6 41. Rxa5 Kg7 42. Ra7 Kg6 43. Kg2 Kg5 44. Rh7 Kg6 45. Raxe7 Bxe7 46. Rxe7
1-0

[Event "4NCL Online Division 4"]
[Site "online"]
[Date "2020.04.28"]
[Round "4.21"]
[White "Boumphrey, Luke S"]
[Black "Buanne, Luca"]
[Result "1-0"]
[WhiteElo "2020"]
[BlackElo "1922"]
[PlyCount "133"]
[EventDate "2020.04.28"]
[WhiteTeam "Atticus B"]
[BlackTeam "Battersea Howitzers"]

1. e4 c5 2. Nc3 Nc6 3. f4 g6 4. Nf3 Bg7 5. Bc4 e6 6. f5 Nge7 7. fxe6 fxe6 8.
O-O O-O 9. d3 a6 10. a4 d5 11. Bb3 h6 12. Qe1 c4 13. dxc4 dxc4 14. Bxc4 Rxf3
15. Bxe6+ Bxe6 16. Rxf3 Nd4 17. Rf2 Nec6 18. Be3 Qe7 19. Rd1 Rf8 20. Nd5 Qe8
21. Rfd2 Bxd5 22. exd5 Nf5 23. Bc5 Qxe1+ 24. Rxe1 Bd4+ 25. Bxd4 Ncxd4 26. d6
Rd8 27. Red1 Ne6 28. a5 h5 29. b4 Kf7 30. c4 Rc8 31. c5 Re8 32. Rc1 Ned4 33.
Rb1 Kf6 34. Rf1 Nc6 35. d7 Rd8 36. b5 axb5 37. a6 Ke7 38. Re1+ Kf7 39. axb7 b4
40. Red1 b3 41. Rd3 Nfe7 42. Rxb3 Nb8 43. Rf3+ Kg7 44. Re3 Nec6 45. Rd6 Rxd7
46. Rxd7+ Nxd7 47. Re6 Ndb8 48. Kf2 Kf7 49. Rd6 Ne5 50. Rb6 Ke7 51. Kg3 g5 52.
Rh6 h4+ 53. Kh3 Kd7 54. Rh5 Nf7 55. Rh7 Ke7 56. Kg4 Kf6 57. Rxf7+ Kxf7 58. Kxg5
Ke7 59. Kxh4 Kd7 60. g4 Kc6 61. g5 Kxb7 62. g6 Nd7 63. g7 Nf6 64. Kg5 Ng8 65.
h4 Kc6 66. h5 Kxc5 67. h6 1-0

[Event "4NCL Online Division 4"]
[Site "online"]
[Date "2020.04.28"]
[Round "4.22"]
[White "Kolani, Arjun"]
[Black "Banerjee, Sanjoy K"]
[Result "1-0"]
[WhiteElo "1937"]
[BlackElo "1720"]
[PlyCount "71"]
[EventDate "2020.04.28"]
[WhiteTeam "Battersea Howitzers"]
[BlackTeam "Atticus B"]

1. e4 c5 2. Nf3 d6 3. d4 cxd4 4. Nxd4 Nf6 5. Nc3 a6 6. Be3 e5 7. Nf3 Be7 8. Bc4
O-O 9. O-O Nbd7 10. a4 b6 11. Nh4 Bb7 12. Nf5 Rc8 13. Ba2 Re8 14. Nxd6 Bxd6 15.
Qxd6 Nxe4 16. Nxe4 Bxe4 17. Rfd1 Nf6 18. Qb4 Qc7 19. Bxb6 Qxc2 20. Bb3 Qc6 21.
a5 Bd5 22. Ba4 Qe6 23. Bxe8 Rxe8 24. Rac1 h6 25. Re1 Nh5 26. Be3 f5 27. Qb6 f4
28. Qxe6+ Rxe6 29. Bb6 e4 30. Rc5 Nf6 31. Bd8 Rd6 32. Bxf6 gxf6 33. Rd1 e3 34.
fxe3 Re6 35. Rcxd5 fxe3 36. Re1 1-0

[Event "4NCL Online Division 4"]
[Site "online"]
[Date "2020.04.28"]
[Round "4.23"]
[White "Burge, Steve J"]
[Black "Dupuis, Denis K"]
[Result "0-1"]
[WhiteElo "1675"]
[BlackElo "1870"]
[PlyCount "70"]
[EventDate "2020.04.28"]
[WhiteTeam "Atticus B"]
[BlackTeam "Battersea Howitzers"]

1. e4 e5 2. f4 d5 3. Nf3 dxe4 4. Nxe5 Nf6 5. Bc4 Be6 6. Qe2 Bc5 7. Bxe6 fxe6 8.
d4 Bxd4 9. Nc3 Bxc3+ 10. bxc3 Qe7 11. Be3 O-O 12. O-O Nbd7 13. Nxd7 Nxd7 14.
Rad1 Kh8 15. Bd4 c5 16. Be3 e5 17. fxe5 Rxf1+ 18. Rxf1 Qxe5 19. Qd2 Nf6 20. Bf4
Qe6 21. Be3 b6 22. Rd1 Kg8 23. Ra1 Nd5 24. a4 Qe5 25. Ra3 Rd8 26. c4 Qb2 27.
Rb3 Qa1+ 28. Kf2 Rf8+ 29. Kg3 Qe5+ 30. Kh4 Qxh2+ 31. Kg5 Qg3+ 32. Kh5 Rf5+ 33.
Bg5 g6+ 34. Kh6 Qh4+ 35. Bxh4 Rh5# 0-1

[Event "4NCL Online Division 4"]
[Site "online"]
[Date "2020.04.28"]
[Round "4.24"]
[White "Mellor, Jessica"]
[Black "Blasczyk, Martin"]
[Result "1-0"]
[WhiteElo "1870"]
[BlackElo "1690"]
[PlyCount "109"]
[EventDate "2020.04.28"]
[WhiteTeam "Battersea Howitzers"]
[BlackTeam "Atticus B"]

1. e4 e5 2. Nc3 Nf6 3. Bc4 Nxe4 4. Qh5 Nd6 5. Qxe5+ Qe7 6. Qxe7+ Bxe7 7. Bb3
Nc6 8. Nf3 b6 9. d3 Bb7 10. Nd5 Bd8 11. Bf4 Ne7 12. Ne3 Ng6 13. Bxd6 cxd6 14.
Nf5 O-O 15. Nxd6 Bxf3 16. gxf3 Bc7 17. Nf5 Rae8+ 18. Kd2 Ne5 19. Bd5 Nc6 20.
Bxc6 Bf4+ 21. Ne3 dxc6 22. h3 b5 23. Rhg1 g6 24. Rg4 Bh6 25. Re4 f5 26. Rxe8
Rxe8 27. Re1 Kf7 28. Kd1 Bg7 29. b3 Bc3 30. Re2 h5 31. Ng2 a5 32. Rxe8 Kxe8 33.
Nf4 Kf7 34. Ne2 Bg7 35. Kd2 Kf6 36. f4 Ke6 37. c3 Bf6 38. Ke3 g5 39. fxg5 Bxg5+
40. f4 Bf6 41. Nd4+ Bxd4+ 42. Kxd4 Kd6 43. h4 c5+ 44. Ke3 b4 45. c4 Kc6 46. d4
Kd6 47. dxc5+ Kxc5 48. Kd3 Kc6 49. Kd4 Kd6 50. c5+ Kc6 51. Kc4 Kc7 52. Kb5 Kb7
53. Kxa5 Kc6 54. Kxb4 Kb7 55. Kc4 1-0

[Event "4NCL Online Division 4"]
[Site "online"]
[Date "2020.04.28"]
[Round "4.31"]
[White "Jennings, Richard"]
[Black "Phillips, William"]
[Result "1-0"]
[WhiteElo "1872"]
[BlackElo "1870"]
[PlyCount "83"]
[EventDate "2020.04.28"]
[WhiteTeam "Bon Accord B"]
[BlackTeam "Hatch End A"]

1. d4 Nf6 2. Nf3 g6 3. Bg5 Bg7 4. Nbd2 d6 5. e3 O-O 6. Be2 Nbd7 7. O-O b6 8. c3
Bb7 9. Ne1 Ne4 10. Nxe4 Bxe4 11. f3 Bb7 12. e4 Qe8 13. Nc2 e5 14. Qd2 f5 15.
exf5 gxf5 16. Rae1 Qg6 17. Bb5 c6 18. Bd3 Rae8 19. h3 e4 20. Be2 c5 21. Bf4 d5
22. Bb5 Bc6 23. Bxc6 Qxc6 24. Ne3 c4 25. b3 b5 26. bxc4 bxc4 27. Rb1 Nb6 28. g4
fxg4 29. fxg4 Qg6 30. Rf2 h5 31. Rbf1 Rf7 32. Rg2 h4 33. Qe1 Ref8 34. Nf5 Bf6
35. Nh6+ Kg7 36. Nxf7 Rxf7 37. Qe3 Nd7 38. Bh2 Bg5 39. Rxf7+ Kxf7 40. Rf2+ Kg8
41. Bf4 Be7 42. Be5 1-0